000 00428nam a2200169Ia 4500
008 170705s9999 xx 000 0 und d
020 _a590637541
245 _aElmer and the dragon /
245 _cRuth Stiles Gannett ; illustrated by Chrisman Gannett.
260 _aNew York :
260 _bScholastic,
260 _c1950
300 _a77 pages :
300 _bcolor illustration ;
300 _c19cm.
500 _a800
999 _c336421
_d336421